Statistics for US States With the Most Cities in the Top 1000 Most Populous

Click here to take the quiz!

General Stats

  • This quiz has been taken 2,085 times
  • The average score is 8 of 11

Answer Stats

Number of cities in the top 1000State% Correct
210California
100%
86Texas
98%
75Florida
96%
45Illinois
78%
32Ohio
76%
29Michigan
65%
29Washington
64%
26Arizona
62%
24North Carolina
60%
36Massachusetts
42%
24Minnesota
28%

Score Distribution

Percentile by Number Answered

Percent of People with Each Score

Your Score History

You have not taken this quiz